header

Genres of recollection (Record no. 187880)

MARC details
000 -LEADER
fixed length control field 01502nam a2200361Ia 4500
100 1# - MAIN ENTRY--AUTHOR NAME
Personal name Papailias, Penelope.
245 10 - TITLE STATEMENT
Title Genres of recollection
260 ## - PUBLICATION, DISTRIBUTION, ETC. (IMPRINT)
Place of publication New York :
Name of publisher Palgrave Macmillan,
Year of publication 2005.
300 ## - PHYSICAL DESCRIPTION
Number of Pages xv, 301 p. :
Other physical details ill.
490 1# - SERIES STATEMENT
Series statement Anthropology, history, and the critical imagination
856 40 - ELECTRONIC LOCATION AND ACCESS
Uniform Resource Identifier http://site.ebrary.com/lib/rucke/Doc?id=10135502

No items available.

© 2026 Rongo University
Contact us: librarian | system librarian | Rongo university